Detalles MARC
| 000 -LEADER |
| fixed length control field |
01968nam a2200241Ia 4500 |
| 003 - CONTROL NUMBER IDENTIFIER |
| control field |
OSt |
| 005 - DATE AND TIME OF LATEST TRANSACTION |
| control field |
20210729100854.0 |
| 008 - FIXED-LENGTH DATA ELEMENTS--GENERAL INFORMATION |
| fixed length control field |
210310s2010 ck ad gr 100 0 spa d |
| 040 ## - CATALOGING SOURCE |
| Original cataloging agency |
CO-JMCR |
| Transcribing agency |
CO-JMCR |
| 041 0# - LANGUAGE CODE |
| Language code of text/sound track or separate title |
spa |
| -- |
eng |
| 082 04 - DEWEY DECIMAL CLASSIFICATION NUMBER |
| Classification number |
332.46 / |
| Item number |
C748p |
| Edition number |
23 |
| 111 2# - MAIN ENTRY--MEETING NAME |
| Meeting name or jurisdiction name as entry element |
Conferencia Anual sobre Política Monetaria |
| Number of part/section/meeting |
(4° : |
| Location of meeting |
Cartagena : |
| Date of meeting or treaty signing |
2009) |
| 9 (RLIN) |
38871 |
| 245 10 - TITLE STATEMENT |
| Title |
Política monetaria : |
| Remainder of title |
¿Qué hemos aprendido desde una perspectiva de largo plazo y de la presente crisis? / |
| Statement of responsibility, etc. |
Conferencia Anual sobre Política Monetaria |
| 260 ## - PUBLICATION, DISTRIBUTION, ETC. |
| Place of publication, distribution, etc. |
Cartagena : |
| Name of publisher, distributor, etc. |
Fondo Latinoamericano de Reserva, |
| Date of publication, distribution, etc. |
2010 |
| 300 ## - PHYSICAL DESCRIPTION |
| Extent |
xiii, 145 páginas : |
| Other physical details |
ilustraciones y gráficas a color ; |
| Dimensions |
24 cm. |
| 500 ## - GENERAL NOTE |
| General note |
Incluye notas a pie de página. |
| 504 ## - BIBLIOGRAPHY, ETC. NOTE |
| Bibliography, etc. note |
Bibliografía al final de cada capítulo. |
| 505 0# - FORMATTED CONTENTS NOTE |
| Title |
Issues in monetary and exchange rate policy (Based on remarks at a conference of Latin American Central Banks sponsored by FLAR) / |
| Statement of responsibility |
Arnold C. Harberger |
| Title |
The global crisis and Latin America: financial impact and policy responses / |
| Statement of responsibility |
Alejandro Jara, Ramón Moreno and Camilo Tovar |
| Title |
¿Hacía dónde va la regulación financiera internacional? / |
| Statement of responsibility |
Liliana Rojas-Suárez |
| Title |
Los derechos especiales de giro y el sistema mundial de reservas / |
| Statement of responsibility |
José Antonio Ocampo |
| Title |
Respuestas de política económica a la crisis financiera: La experiencia chilena / |
| Statement of responsibility |
Luis Felipe Céspedes |
| Title |
Crisis económica y financiera, respuestas de política y su impacto sobre las finanzas públicas. Una perspectiva global / |
| Statement of responsibility |
Enrique Alberola y Fernando Gutiérrez del Arroyo |
| Title |
The global credit crunch and foreign banks. Lending Latin America / |
| Statement of responsibility |
Herman Kamil and Kulwant Rai |
| Title |
Reflexiones sobre la política monetaria y fiscal ante la crisis / |
| Statement of responsibility |
Pedro Aspe Armella |
| 546 ## - LANGUAGE NOTE |
| Language note |
Texto en inglés y español. |
| 650 14 - SUBJECT ADDED ENTRY--TOPICAL TERM |
| Topical term or geographic name entry element |
Estabilidad financiera |
| 9 (RLIN) |
16611 |
| General subdivision |
Congresos, conferencias, etc. |
| Geographic subdivision |
Colombia |
| 650 24 - SUBJECT ADDED ENTRY--TOPICAL TERM |
| Topical term or geographic name entry element |
Regulación financiera |
| General subdivision |
Congresos, conferencias, etc. |
| Geographic subdivision |
Colombia |
| 9 (RLIN) |
38872 |
| 942 ## - ADDED ENTRY ELEMENTS (KOHA) |
| Source of classification or shelving scheme |
Dewey Decimal Classification |
| Koha item type |
Books |